000 00647naa a2200205 a 4500
001 81228
003 BD-RjUL
005 20230214145255.0
008 230214s195? ii ||||| |||| 00| 0 urd d
035 _a(BD-RjUL)81228
040 _aBD-RjUL
_beng
_cBD-RjUL
041 _aurd
082 _223
_a892.73
_bQAS 195?
100 _aQamar Al-Din, Muhammad قمر الدين, محمد
_96990
245 1 0 _a شرح دراسة الأدب sharh dirasat al'adab /
_cMuhammad Qamar Al-Din محمد قمر الدين
260 _aCalcatta :
_bDar e motba Qawmi ,
_c195?
300 _a72 p. ;
_c22 cm
650 _aArabic Literature
942 _2ddc
_cBK
999 _c81228
_d81228